| 000 | 01164nam a2200265 a 4500 | ||
|---|---|---|---|
| 001 | BRCA_1244 | ||
| 005 | 20190320203338.0 | ||
| 008 | 010102s1999 mx-a---###---#000-0#spa-d | ||
| 020 | _a9685050015 | ||
| 041 |
_aspa _heng |
||
| 050 | 4 |
_aRA984.M4 _b.R46 1999 |
|
| 245 | 1 | 0 |
_aRemedio contra el olvido _bun acercamiento a la arquitectura del ex Hospital de San Pedro = A remedy against oblivion : an approach to the architecture of the ex Hospital of St. Peter. |
| 260 |
_aPuebla, México _bMuseo Poblano de Arte Virreinal _c[1999] |
||
| 300 |
_a47 p. _bil. (algunas a color) _c17 cm. |
||
| 500 | _aIncluye glosario | ||
| 546 | _aTexto en : español e inglés | ||
| 610 | 2 | 4 |
_aHospital de San Pedro (Puebla, México) _94095 |
| 650 | 1 | 4 |
_aHospital arquitectura _xHistoria _zMéxico _94096 |
| 650 | 1 | 4 |
_aHospitales _xConstrucciones, estructuras, etc. _zMéxico _94097 |
| 650 | 1 | 4 |
_aArquitectura colonial _zMéxico _91940 |
| 651 | 4 |
_aPuebla (México) _xConstrucciones, estructuras, etc. _94098 |
|
| 710 | 2 |
_aMuseo Poblano de Arte Virreinal _94099 |
|
| 740 | 0 | _aA remedy against oblivion : an approach to the architecture of the ex Hospital of St. Peter | |
| 942 |
_2lcc _cB |
||
| 999 |
_c1114 _d1114 |
||